Môj Štedrý večer

Bibliographic Details
Main Author: Hille, Peter (Author)
Other Authors: Petraško, Ľudovít, 1949- (Translator)
Format: Article
Language:Slovak
ISSN:0231-6269
Subjects:

MARC

LEADER 00000nab a2200000 a 4500
001 vtls000638054
003 SK-MaSNL
005 20260304094819.0
008 250425c1997 xo 0 slo
015 |a SNBRB19rr/mm-uuuuu 
035 |a CL0638193 
035 |a urn:nbn:sk:snk-abbr6q 
035 |a (urnnbn)urn:nbn:sk:snk:ar-0053zm 
035 |a (uuid)a277fa6b-1c93-4d50-b281-2fc21cc635d3 
040 |a SNKBUCL  |b slo  |c SNKBUCL  |e AACR2 
041 0 |a slo 
044 |a xo  |c SK 
080 |a 830-3  |2 1981 
100 1 |a Hille, Peter  |4 aut  |9 1391537 
245 1 0 |a Môj Štedrý večer  |c Peter Hille ; Prekl. Ľudovít Petraško 
650 0 7 |a poviedky psychologické  |2 snkbucl  |9 893883 
655 7 |a články z novín a časopisov  |2 snkbucl  |9 267496 
700 1 |a Petraško, Ľudovít,  |d 1949-  |4 trl  |9 89986 
773 0 |t Revue svetovej literatúry  |g Roč. 33, č. 3 (1997), s. 158-160  |x 0231-6269 
850 |a Slovenská národná knižnica 
852 |a Slovenská národná knižnica 
958 |a article15 
958 |a LX 
958 |a DE 
958 |a RK 
958 |a OND 
958 |a EUIPO 
992 |a RBX 
999 |c 2829094  |d 2831024